Statistics for Word Chain - Catholicism

Click here to take the quiz!

General Stats

  • This quiz has been taken 119 times
    (106 since last reset)
  • The average score is 13 of 19

Answer Stats

HintAnswer% Correct
One who dies in the name of his/her faithMartyr
93%
Second book of the bibleExodus
92%
The period between Ash Wednesday and EasterLent
90%
A member of a religious order of womenNun
90%
The first sacramentBaptism
88%
Body and blood of ChristEucharist
85%
The sin that's worse than venialMortal
80%
The pope's DioceseRome
80%
The longer of the two creedsNicene
76%
Often confused with a divorceAnnulment
74%
The Catholic teaching whereby during the consecration, bread and wine become the body and blood of ChristTransubstantiation
67%
The act of preventing an individual (or group of individuals) from receiving the sacramentsExcommunication
64%
A prayer which traditionally lasts nine days or weeksNovena
63%
Jesus is the Pascal _____Lamb
62%
The process of conferring the sacrament of Holy ordersOrdination
50%
The 3 days leading up to EasterTriduum
44%
A diplomatic representative of the Holy SeeNuncio
38%
One of the four cardinal virtuesTemperance
35%
"An attitude or behavior which leads another to evil"Scandal
17%

Score Distribution

Percentile by Number Answered

Percent of People with Each Score

Your Score History

You have not taken this quiz since the last reset